Statistics for Avengers endgame trivia

Click here to take the quiz!

General Stats

  • This quiz has been taken 110 times
  • The average score is 7 of 10

Answer Stats

QuestionAnswer% Correct
What fraction of life did thanos destroy?Half
96%
which three Avengers fought thanos?Iron man, captain America and thor
96%
Which places did they go to retrieve the stones in the past?New york, asgard, vormir and the military base.
93%
What colour is black Panthers explosion?Purple
86%
Why does Nebula collapse in the temple of the power stone?Thanos has stopped her from leaving
77%
Who said "I get calls from a racoon."?Natasha romanova ( black widow)
76%
How many times have the stones been clicked in all the films?Thrice
57%
How does cull obsidian die?Ant man crushes him
48%
How many of the creatures does Hawkeye fight in the mansion?8
15%
How many layers of rings does the planet thanos is on at the start have?1
9%

Score Distribution

Percentile by Number Answered

Percent of People with Each Score

Your Score History

You have not taken this quiz